[Event "Sarkany-Aranytiz GM"]
[Site "Budapest"]
[Date "2015.08.17"]
[Round "3.3"]
[White "Torma, Robert"]
[Black "Nguyen, Huynh Minh Huy"]
[Result "0-1"]
[BlackElo "2496"]
[WhiteElo "2434"]
[LiveChessVersion "1.4.6"]

1. d4 {[%clk 1:30:26]} d5 {[%clk 1:30:15]} 2. c4 {[%clk 1:30:51]} c6
{[%clk 1:30:40]} 3. Nf3 {[%clk 1:31:09]} Nf6 {[%clk 1:31:05]} 4. e3
{[%clk 1:31:30]} Bf5 {[%clk 1:31:30]} 5. Nc3 {[%clk 1:31:28]} e6 {[%clk 1:31:54]}
6. Nh4 {[%clk 1:31:16]} Be4 {[%clk 1:32:03]} 7. f3 {[%clk 1:31:02]} Bg6
{[%clk 1:32:26]} 8. Qb3 {[%clk 1:30:12]} Qc7 {[%clk 1:32:47]} 9. Bd2
{[%clk 1:28:50]} Be7 {[%clk 1:31:29]} 10. O-O-O {[%clk 1:27:07]} dxc4
{[%clk 1:28:07]} 11. Bxc4 {[%clk 1:27:12]} b5 {[%clk 1:28:32]} 12. Be2
{[%clk 1:27:27]} a6 {[%clk 1:28:43]} 13. Nxg6 {[%clk 1:27:02]} hxg6
{[%clk 1:29:08]} 14. Ne4 {[%clk 1:26:21]} Nbd7 {[%clk 1:16:46]} 15. Kb1
{[%clk 1:09:07]} Rc8 {[%clk 0:59:41]} 16. Nxf6+ {[%clk 0:59:14]} Nxf6
{[%clk 0:59:10]} 17. h3 {[%clk 0:51:28]} c5 {[%clk 0:56:10]} 18. dxc5
{[%clk 0:51:32]} Bxc5 {[%clk 0:56:28]} 19. g4 {[%clk 0:42:55]} Qg3
{[%clk 0:49:30]} 20. a4 {[%clk 0:22:26]} O-O {[%clk 0:43:07]} 21. axb5
{[%clk 0:22:35]} axb5 {[%clk 0:43:32]} 22. h4 {[%clk 0:19:00]} Qf2
{[%clk 0:36:52]} 23. Bd3 {[%clk 0:17:08]} Qxf3 {[%clk 0:32:52]} 24. h5
{[%clk 0:11:26]} gxh5 {[%clk 0:32:00]} 25. gxh5 {[%clk 0:11:43]} Ne4
{[%clk 0:26:30]} 26. Rhf1 {[%clk 0:08:14]} Nxd2+ {[%clk 0:26:21]} 27. Rxd2
{[%clk 0:08:41]} Qxe3 {[%clk 0:26:31]} 28. Rg2 {[%clk 0:08:08]} Rfd8
{[%clk 0:22:16]} 29. Rg3 {[%clk 0:07:40]} Qh6 {[%clk 0:21:09]} 30. Be4
{[%clk 0:05:19]} Bd4 {[%clk 0:18:57]} 31. Qf3 {[%clk 0:05:08]} Rf8
{[%clk 0:13:34]} 32. Bc2 {[%clk 0:04:22]} Kh8 {[%clk 0:09:15]} 33. Qe4
{[%clk 0:03:23]} Bf6 {[%clk 0:08:56]} 34. Qb7 {[%clk 0:01:04]} Rc5
{[%clk 0:08:41]} 35. Rh3 {[%clk 0:00:49]} Rc4 {[%clk 0:05:18]} 36. Qxb5
{[%clk 0:00:38]} Rcc8 {[%clk 0:05:31]} 37. Rb3 {[%clk 0:00:40]} Rfd8
{[%clk 0:05:39]} 38. Qb7 {[%clk 0:00:46]} Kg8 {[%clk 0:05:58]} 39. Qe4
{[%clk 0:00:39]} Rd5 {[%clk 0:04:58]} 40. Qg4 {[%clk 0:30:32]} Qxh5
{[%clk 0:32:43]} 41. Qg2 {[%clk 0:25:53]} Rg5 {[%clk 0:32:01]} 42. Qb7
{[%clk 0:24:09]} Rgc5 {[%clk 0:28:18]} 43. Rh1 {[%clk 0:21:27]} Qd5
{[%clk 0:28:40]} 44. Bh7+ {[%clk 0:11:32]} Kf8 {[%clk 0:28:55]} 45. Be4
{[%clk 0:10:53]} Qxb7 {[%clk 0:29:15]} 46. Rxb7 {[%clk 0:10:02]} R8c7
{[%clk 0:26:30]} 47. Rb8+ {[%clk 0:09:05]} Ke7 {[%clk 0:26:54]} 48. Rh3
{[%clk 0:08:20]} Be5 {[%clk 0:26:38]} 0-1

[Event "Sarkany-Aranytiz GM"]
[Site "Budapest"]
[Date "2015.08.17"]
[Round "3.4"]
[White "Almasi, Istvan"]
[Black "Rajlich, Iweta"]
[Result "1/2-1/2"]
[BlackElo "2392"]
[WhiteElo "2405"]
[LiveChessVersion "1.4.6"]

1. Nf3 {[%clk 1:27:01]} d5 {[%clk 1:25:21]} 2. d4 {[%clk 1:26:14]} Nc6
{[%clk 1:25:22]} 3. Bf4 {[%clk 1:25:01]} Bg4 {[%clk 1:24:26]} 4. e3
{[%clk 1:23:03]} e6 {[%clk 1:24:51]} 5. Be2 {[%clk 1:14:11]} Bd6 {[%clk 1:24:04]}
6. Bg3 {[%clk 1:14:16]} Nf6 {[%clk 1:21:12]} 7. Nbd2 {[%clk 1:13:56]} Bxg3
{[%clk 1:18:16]} 8. hxg3 {[%clk 1:14:16]} Qd6 {[%clk 1:17:38]} 9. c4
{[%clk 1:00:53]} Bxf3 {[%clk 1:17:38]} 10. Bxf3 {[%clk 0:59:21]} O-O
{[%clk 1:11:32]} 11. O-O {[%clk 0:56:14]} Ne7 {[%clk 1:11:37]} 12. c5
{[%clk 0:46:37]} Qd7 {[%clk 1:09:01]} 13. Be2 {[%clk 0:42:39]} Ng6
{[%clk 1:03:57]} 14. Bd3 {[%clk 0:41:33]} a5 {[%clk 0:59:32]} 15. g4
{[%clk 0:40:12]} Qe7 {[%clk 0:55:32]} 16. f4 {[%clk 0:37:12]} Nd7
{[%clk 0:52:53]} 17. Qf3 {[%clk 0:32:37]} c6 {[%clk 0:47:51]} 18. Qh3
{[%clk 0:27:54]} f6 {[%clk 0:40:42]} 19. f5 {[%clk 0:21:21]} exf5
{[%clk 0:41:05]} 20. Bxf5 {[%clk 0:19:25]} Rfd8 {[%clk 0:38:23]} 21. g5
{[%clk 0:14:40]} Ngf8 {[%clk 0:28:26]} 22. gxf6 {[%clk 0:15:00]} Nxf6
{[%clk 0:28:21]} 23. Rae1 {[%clk 0:15:20]} g6 {[%clk 0:21:50]} 24. Bd3
{[%clk 0:14:01]} Qg7 {[%clk 0:20:54]} 25. e4 {[%clk 0:09:06]} dxe4
{[%clk 0:20:55]} 26. Nxe4 {[%clk 0:09:09]} Nxe4 {[%clk 0:17:09]} 27. Bc4+
{[%clk 0:09:34]} Kh8 {[%clk 0:17:36]} 28. Rxe4 {[%clk 0:09:58]} Rd7
{[%clk 0:15:57]} 29. Ref4 {[%clk 0:07:45]} Re7 {[%clk 0:16:03]} 30. d5
{[%clk 0:07:27]} g5 {[%clk 0:14:37]} 31. R4f2 {[%clk 0:04:56]} cxd5
{[%clk 0:12:01]} 32. Bxd5 {[%clk 0:05:23]} Rae8 {[%clk 0:11:46]} 33. Qc3
{[%clk 0:04:27]} Ng6 {[%clk 0:10:28]} 34. Qxg7+ {[%clk 0:02:52]} Kxg7
{[%clk 0:10:46]} 35. Rf7+ {[%clk 0:02:56]} Kh6 {[%clk 0:10:20]} 36. Bxb7
{[%clk 0:03:15]} Nf4 {[%clk 0:08:04]} 37. Rxe7 {[%clk 0:03:05]} Rxe7
{[%clk 0:08:33]} 38. Bf3 {[%clk 0:02:05]} Re5 {[%clk 0:07:04]} 39. c6
{[%clk 0:02:01]} Rc5 {[%clk 0:07:33]} 40. Rd1 {[%clk 0:31:58]} g4
{[%clk 0:35:47]} 41. Be4 {[%clk 0:21:49]} Rc4 {[%clk 0:27:25]} 42. b3
{[%clk 0:21:07]} Rc3 {[%clk 0:24:01]} 43. Rd2 {[%clk 0:09:12]} g3
{[%clk 0:19:38]} 44. Bf3 {[%clk 0:06:46]} Kg5 {[%clk 0:17:12]} 45. Kf1
{[%clk 0:06:19]} Rc1+ {[%clk 0:15:00]} 46. Rd1 {[%clk 0:06:44]} Rc2
{[%clk 0:14:56]} 47. Rd7 {[%clk 0:03:38]} Rc1+ {[%clk 0:13:24]} 48. Rd1
{[%clk 0:04:07]} Rc2 {[%clk 0:13:50]} 49. Rd7 {[%clk 0:03:54]} Rc1+
{[%clk 0:09:38]} 50. Rd1 {[%clk 0:04:21]} Rc2 51. Rd7 1/2-1/2

[Event "Sarkany-Aranytiz GM"]
[Site "Budapest"]
[Date "2015.08.17"]
[Round "3.5"]
[White "Prasanna, Raghuram Rao"]
[Black "Kovacs, Gabor"]
[Result "1-0"]
[BlackElo "2489"]
[WhiteElo "2424"]
[LiveChessVersion "1.4.6"]

1. e4 {[%clk 1:30:26]} e5 {[%clk 1:30:26]} 2. Nf3 {[%clk 1:30:52]} Nc6
{[%clk 1:30:51]} 3. Bb5 {[%clk 1:31:18]} Nf6 {[%clk 1:31:16]} 4. O-O
{[%clk 1:31:42]} Nxe4 {[%clk 1:31:42]} 5. d4 {[%clk 1:32:08]} Nd6
{[%clk 1:32:03]} 6. Ba4 {[%clk 1:32:34]} e4 {[%clk 1:27:09]} 7. Re1
{[%clk 1:32:43]} Be7 {[%clk 1:26:45]} 8. Ne5 {[%clk 1:33:07]} O-O
{[%clk 1:24:57]} 9. Nc3 {[%clk 1:33:34]} Rb8 {[%clk 0:32:43]} 10. Bf4
{[%clk 1:15:52]} Bg5 {[%clk 0:27:44]} 11. Bg3 {[%clk 1:08:07]} Nf5
{[%clk 0:23:56]} 12. Nxe4 {[%clk 0:55:45]} Nxg3 {[%clk 0:23:51]} 13. hxg3
{[%clk 0:55:37]} Bf6 {[%clk 0:18:27]} 14. Bb3 {[%clk 0:38:08]} Bxe5
{[%clk 0:10:59]} 15. dxe5 {[%clk 0:38:26]} Nxe5 {[%clk 0:11:20]} 16. Qh5
{[%clk 0:35:49]} d6 {[%clk 0:11:42]} 17. Ng5 {[%clk 0:36:10]} h6 {[%clk 0:11:50]}
18. Rxe5 {[%clk 0:36:22]} hxg5 {[%clk 0:11:24]} 19. Rxg5 {[%clk 0:36:48]} Be6
{[%clk 0:10:31]} 20. Qh6 {[%clk 0:37:07]} 1-0

[Event "Sarkany-Aranytiz GM"]
[Site "Budapest"]
[Date "2015.08.18"]
[Round "4.1"]
[White "Kovacs, Gabor"]
[Black "Zhou, Yang-Fan"]
[Result "1/2-1/2"]
[BlackElo "2473"]
[WhiteElo "2489"]
[LiveChessVersion "1.4.6"]

1. d4 {[%clk 1:30:21]} Nf6 {[%clk 1:30:25]} 2. Nf3 {[%clk 1:30:40]} g6
{[%clk 1:30:41]} 3. Bf4 {[%clk 1:30:31]} d6 {[%clk 1:29:35]} 4. h3
{[%clk 1:30:43]} Bg7 {[%clk 1:30:00]} 5. c3 {[%clk 1:31:10]} O-O {[%clk 1:29:49]}
6. e3 {[%clk 1:31:36]} Nbd7 {[%clk 1:23:04]} 7. Bh2 {[%clk 1:31:43]} b6
{[%clk 1:20:15]} 8. Be2 {[%clk 1:32:02]} Bb7 {[%clk 1:20:41]} 9. O-O
{[%clk 1:32:27]} Ne4 {[%clk 1:19:46]} 10. Nbd2 {[%clk 1:32:52]} Nxd2
{[%clk 1:12:27]} 11. Nxd2 {[%clk 1:33:05]} e5 {[%clk 1:06:29]} 12. Bf3
{[%clk 1:26:27]} Qc8 {[%clk 1:06:24]} 13. Bxb7 {[%clk 1:25:57]} Qxb7
{[%clk 1:06:42]} 14. Qf3 {[%clk 1:26:23]} Qxf3 {[%clk 1:01:19]} 15. Nxf3
{[%clk 1:26:48]} f5 {[%clk 0:59:46]} 16. dxe5 {[%clk 1:25:36]} Nxe5
{[%clk 0:59:14]} 17. Nxe5 {[%clk 1:26:03]} dxe5 {[%clk 0:58:39]} 18. Rfd1
{[%clk 1:26:30]} Rad8 {[%clk 0:56:55]} 19. Kf1 {[%clk 1:26:37]} Kf7
{[%clk 0:54:54]} 20. Ke2 {[%clk 1:26:32]} Ke6 {[%clk 0:55:13]} 21. f3
{[%clk 1:26:10]} Bf6 {[%clk 0:36:23]} 1/2-1/2

[Event "Sarkany-Aranytiz GM"]
[Site "Budapest"]
[Date "2015.08.18"]
[Round "4.2"]
[White "Rajlich, Iweta"]
[Black "Horvath, Csaba"]
[Result "1/2-1/2"]
[BlackElo "2540"]
[WhiteElo "2392"]
[LiveChessVersion "1.4.6"]

1. d4 {[%clk 1:29:01]} d5 {[%clk 1:29:02]} 2. g3 {[%clk 1:29:25]} Nf6
{[%clk 1:28:09]} 3. Bg2 {[%clk 1:29:50]} c5 {[%clk 1:28:03]} 4. Nf3
{[%clk 1:26:27]} cxd4 {[%clk 1:28:04]} 5. O-O {[%clk 1:25:29]} h6
{[%clk 1:23:34]} 6. Nxd4 {[%clk 1:20:40]} e5 {[%clk 1:23:56]} 7. Nb3
{[%clk 1:20:41]} Nc6 {[%clk 1:21:37]} 8. c4 {[%clk 1:20:51]} Be6 {[%clk 1:21:44]}
9. cxd5 {[%clk 1:19:05]} Nxd5 {[%clk 1:20:16]} 10. Nc3 {[%clk 1:16:20]} Nxc3
{[%clk 1:19:25]} 11. Bxc6+ {[%clk 1:12:52]} bxc6 {[%clk 1:19:47]} 12. Qxd8+
{[%clk 1:13:17]} Kxd8 {[%clk 1:14:21]} 13. bxc3 {[%clk 1:13:46]} Kc7
{[%clk 1:14:36]} 14. f4 {[%clk 1:11:31]} Bd6 {[%clk 1:07:59]} 15. fxe5
{[%clk 1:11:13]} Bxe5 {[%clk 1:08:11]} 16. Bf4 {[%clk 1:11:14]} Bxf4
{[%clk 1:07:51]} 17. Rxf4 {[%clk 1:10:52]} Rhe8 {[%clk 0:55:17]} 18. Nc5
{[%clk 1:08:32]} Kd6 {[%clk 0:54:07]} 19. Nxe6 {[%clk 1:04:40]} Kxe6
{[%clk 0:53:13]} 20. Rd1 {[%clk 0:56:27]} f6 {[%clk 0:41:10]} 21. Re4+
{[%clk 0:46:01]} Kf5 {[%clk 0:41:17]} 22. Rf4+ {[%clk 0:43:49]} Ke6
{[%clk 0:41:37]} 23. Kf2 {[%clk 0:42:36]} Rad8 {[%clk 0:34:37]} 24. Re4+
{[%clk 0:35:49]} Kf7 {[%clk 0:35:04]} 25. Red4 {[%clk 0:32:04]} Rb8
{[%clk 0:30:26]} 26. Rb4 {[%clk 0:30:01]} Rb5 {[%clk 0:29:28]} 1/2-1/2

[Event "Sarkany-Aranytiz GM"]
[Site "Budapest"]
[Date "2015.08.18"]
[Round "4.3"]
[White "Nguyen, Huynh Minh Huy"]
[Black "Almasi, Istvan"]
[Result "1/2-1/2"]
[BlackElo "2405"]
[WhiteElo "2496"]
[LiveChessVersion "1.4.6"]

1. d4 {[%clk 1:30:22]} d5 {[%clk 1:27:41]} 2. Nf3 {[%clk 1:30:35]} Nf6
{[%clk 1:27:59]} 3. c4 {[%clk 1:28:39]} e6 {[%clk 1:27:55]} 4. Bg5
{[%clk 1:25:50]} Be7 {[%clk 1:25:01]} 5. Nc3 {[%clk 1:25:30]} O-O
{[%clk 1:25:13]} 6. e3 {[%clk 1:25:55]} Nbd7 {[%clk 1:24:37]} 7. Rc1
{[%clk 1:21:52]} c6 {[%clk 1:22:07]} 8. a3 {[%clk 1:14:57]} h6 {[%clk 1:17:35]}
9. Bh4 {[%clk 1:11:24]} Ne4 {[%clk 1:17:49]} 10. Bxe7 {[%clk 1:11:46]} Qxe7
{[%clk 1:18:17]} 11. Qc2 {[%clk 1:03:13]} Nxc3 {[%clk 1:18:33]} 12. Qxc3
{[%clk 1:03:38]} dxc4 {[%clk 1:18:05]} 13. Bxc4 {[%clk 1:04:02]} b6
{[%clk 1:18:20]} 14. O-O {[%clk 1:03:37]} Bb7 {[%clk 1:18:48]} 15. Be2
{[%clk 1:00:07]} c5 {[%clk 1:18:34]} 16. dxc5 {[%clk 0:54:20]} Rfc8
{[%clk 1:17:10]} 17. Rfd1 {[%clk 0:46:17]} 1/2-1/2

[Event "Sarkany-Aranytiz GM"]
[Site "Budapest"]
[Date "2015.08.18"]
[Round "4.4"]
[White "Szabo, Gergely-Andras-Gyula"]
[Black "Torma, Robert"]
[Result "1-0"]
[BlackElo "2434"]
[WhiteElo "2551"]
[LiveChessVersion "1.4.6"]

1. d4 {[%clk 1:16:54]} d5 {[%clk 1:30:25]} 2. c4 {[%clk 1:17:18]} e6
{[%clk 1:30:49]} 3. Nf3 {[%clk 1:17:43]} Nf6 {[%clk 1:31:13]} 4. g3
{[%clk 1:18:07]} dxc4 {[%clk 1:31:35]} 5. Bg2 {[%clk 1:18:31]} Bb4+
{[%clk 1:31:57]} 6. Bd2 {[%clk 1:18:54]} c5 {[%clk 1:32:15]} 7. Bxb4
{[%clk 1:18:32]} cxb4 {[%clk 1:32:40]} 8. Ne5 {[%clk 1:18:50]} O-O
{[%clk 1:30:16]} 9. a3 {[%clk 1:18:38]} Nc6 {[%clk 1:28:28]} 10. Bxc6
{[%clk 1:17:47]} bxc6 {[%clk 1:28:53]} 11. axb4 {[%clk 1:17:42]} Qb6
{[%clk 1:27:53]} 12. O-O {[%clk 1:11:31]} Qxb4 {[%clk 1:27:31]} 13. Qd2
{[%clk 1:11:25]} c5 {[%clk 1:22:04]} 14. Qxb4 {[%clk 1:02:15]} cxb4
{[%clk 1:22:31]} 15. Nxc4 {[%clk 1:02:38]} Bd7 {[%clk 0:54:45]} 16. Nbd2
{[%clk 0:59:00]} Bb5 {[%clk 0:53:16]} 17. Rfc1 {[%clk 0:58:27]} Rfc8
{[%clk 0:45:59]} 18. e3 {[%clk 0:47:28]} Kf8 {[%clk 0:39:31]} 19. Nd6
{[%clk 0:42:34]} Rxc1+ {[%clk 0:39:08]} 20. Rxc1 {[%clk 0:43:01]} Be8
{[%clk 0:27:42]} 21. Rc7 {[%clk 0:41:05]} a5 {[%clk 0:26:08]} 22. Rb7
{[%clk 0:40:06]} Nd5 {[%clk 0:24:07]} 23. e4 {[%clk 0:37:04]} Ne7
{[%clk 0:23:22]} 24. Nxe8 {[%clk 0:30:38]} Kxe8 {[%clk 0:22:26]} 25. Nc4
{[%clk 0:30:54]} f6 {[%clk 0:16:57]} 26. Kg2 {[%clk 0:26:30]} Kf8
{[%clk 0:16:09]} 27. Rb5 {[%clk 0:25:56]} a4 {[%clk 0:08:36]} 28. Nb6
{[%clk 0:22:23]} Rd8 {[%clk 0:06:43]} 29. Rxb4 {[%clk 0:21:21]} Nc6
{[%clk 0:07:09]} 30. Rxa4 {[%clk 0:16:33]} Nxd4 {[%clk 0:07:31]} 31. Rc4
{[%clk 0:15:17]} Rd6 {[%clk 0:06:25]} 32. Rc8+ {[%clk 0:13:30]} Kf7
{[%clk 0:06:48]} 33. Nc4 {[%clk 0:10:28]} Rd7 {[%clk 0:06:46]} 34. Rb8
{[%clk 0:09:08]} g5 {[%clk 0:06:26]} 35. f3 {[%clk 0:02:34]} Rc7 {[%clk 0:02:48]}
36. Ne3 {[%clk 0:01:18]} h5 {[%clk 0:02:05]} 37. f4 {[%clk 0:00:48]} g4
{[%clk 0:01:53]} 38. Rd8 {[%clk 0:00:36]} Nf3 {[%clk 0:01:31]} 39. h3
{[%clk 0:00:40]} f5 {[%clk 0:01:09]} 40. exf5 {[%clk 0:30:53]} exf5
{[%clk 0:31:33]} 41. Rd5 {[%clk 0:24:32]} Ke6 {[%clk 0:18:22]} 42. Rxf5
{[%clk 0:20:21]} Rb7 {[%clk 0:18:30]} 43. hxg4 {[%clk 0:13:26]} hxg4
{[%clk 0:18:47]} 44. Rh5 {[%clk 0:12:53]} Rxb2+ {[%clk 0:18:46]} 45. Kf1
{[%clk 0:13:20]} Nh2+ {[%clk 0:07:25]} 46. Ke1 {[%clk 0:13:24]} Nf3+
{[%clk 0:05:11]} 47. Kd1 {[%clk 0:13:48]} Nd4 {[%clk 0:04:28]} 48. f5+
{[%clk 0:06:09]} Ke7 {[%clk 0:04:32]} 49. Nxg4 {[%clk 0:06:10]} Rg2
{[%clk 0:03:47]} 50. f6+ {[%clk 0:05:06]} Kd6 {[%clk 0:03:49]} 51. f7
{[%clk 0:04:30]} Ke7 {[%clk 0:00:54]} 52. Nh6 {[%clk 0:02:35]} Rg1+
{[%clk 0:00:46]} 53. Kd2 {[%clk 0:02:59]} Nf3+ {[%clk 0:00:47]} 54. Ke2
{[%clk 0:02:55]} 1-0

[Event "Sarkany-Aranytiz GM"]
[Site "Budapest"]
[Date "2015.08.18"]
[Round "4.5"]
[White "Prasanna, Raghuram Rao"]
[Black "Balog, Imre"]
[Result "1/2-1/2"]
[BlackElo "2537"]
[WhiteElo "2424"]
[LiveChessVersion "1.4.6"]

1. e4 {[%clk 1:30:25]} e6 {[%clk 1:30:04]} 2. d4 {[%clk 1:30:50]} d5
{[%clk 1:30:29]} 3. Nc3 {[%clk 1:31:18]} Nc6 {[%clk 1:30:52]} 4. Nf3
{[%clk 1:31:43]} Nf6 {[%clk 1:30:11]} 5. e5 {[%clk 1:32:09]} Ne4 {[%clk 1:29:53]}
6. Bd3 {[%clk 1:32:35]} Bb4 {[%clk 1:30:04]} 7. Bd2 {[%clk 1:33:01]} Nxd2
{[%clk 1:30:00]} 8. Qxd2 {[%clk 1:33:27]} f6 {[%clk 1:29:01]} 9. a3
{[%clk 1:20:04]} Bxc3 {[%clk 1:26:54]} 10. Qxc3 {[%clk 1:20:18]} fxe5
{[%clk 1:27:18]} 11. dxe5 {[%clk 1:17:43]} O-O {[%clk 1:27:11]} 12. O-O-O
{[%clk 1:17:41]} Bd7 {[%clk 1:27:00]} 13. h4 {[%clk 1:15:16]} Qe7
{[%clk 1:26:30]} 14. Qd2 {[%clk 1:00:14]} b5 {[%clk 1:21:47]} 15. Qg5
{[%clk 0:53:35]} b4 {[%clk 1:16:43]} 16. axb4 {[%clk 0:31:20]} Qxb4
{[%clk 1:15:23]} 17. Qh5 {[%clk 0:29:54]} Qf4+ {[%clk 1:15:48]} 18. Rd2
{[%clk 0:27:29]} Qh6 {[%clk 1:15:57]} 19. Qxh6 {[%clk 0:26:49]} gxh6
{[%clk 1:16:24]} 20. c4 {[%clk 0:24:12]} Na5 {[%clk 1:12:59]} 21. Kb1
{[%clk 0:14:07]} c5 {[%clk 1:12:40]} 22. cxd5 {[%clk 0:13:00]} exd5
{[%clk 1:13:04]} 23. e6 {[%clk 0:13:30]} Bxe6 {[%clk 1:12:32]} 24. Re1
{[%clk 0:13:56]} Rf6 {[%clk 1:03:49]} 25. Rde2 {[%clk 0:12:31]} Bf7
{[%clk 1:04:14]} 26. Ne5 {[%clk 0:12:00]} c4 {[%clk 1:04:26]} 27. Bc2
{[%clk 0:12:21]} d4 {[%clk 1:04:45]} 28. Nxf7 {[%clk 0:10:28]} d3
{[%clk 1:03:52]} 29. Ne5 {[%clk 0:08:13]} dxe2 {[%clk 1:04:16]} 30. Rxe2
{[%clk 0:08:41]} Re8 {[%clk 1:00:58]} 31. Ba4 {[%clk 0:08:46]} Re7
{[%clk 1:00:56]} 32. g3 {[%clk 0:09:14]} Nc6 {[%clk 0:59:30]} 33. Bxc6
{[%clk 0:09:38]} Rxc6 {[%clk 0:59:54]} 34. f4 {[%clk 0:09:59]} Rb6
{[%clk 0:59:49]} 35. Kc2 {[%clk 0:06:57]} h5 {[%clk 0:59:37]} 36. Rg2
{[%clk 0:04:20]} Rc7 {[%clk 0:59:38]} 37. Kc3 {[%clk 0:03:03]} Rb3+
{[%clk 0:59:25]} 38. Kd4 {[%clk 0:03:32]} c3 {[%clk 0:58:58]} 39. bxc3
{[%clk 0:03:58]} Rbxc3 {[%clk 0:59:25]} 40. Rb2 {[%clk 0:02:30]} Rxg3
{[%clk 0:58:48]} 41. f5 {[%clk 0:03:00]} Kg7 {[%clk 0:55:21]} 42. Kd5
{[%clk 0:03:26]} Re3 {[%clk 0:55:23]} 43. Kd6 {[%clk 0:03:24]} Kf6
{[%clk 0:55:51]} 44. Kxc7 {[%clk 0:25:41]} Rxe5 {[%clk 1:26:28]} 45. Kd6
{[%clk 0:24:23]} Ra5 {[%clk 1:26:22]} 46. Rf2 {[%clk 0:23:22]} Ra4
{[%clk 1:26:01]} 47. Kc5 {[%clk 0:22:15]} h6 {[%clk 1:26:00]} 48. Rf1
{[%clk 0:21:25]} a5 {[%clk 1:24:47]} 49. Kb5 {[%clk 0:21:21]} Rxh4
{[%clk 1:24:48]} 50. Kxa5 {[%clk 0:21:50]} Rd4 {[%clk 1:25:01]} 51. Kb5
{[%clk 0:22:12]} h4 {[%clk 1:25:29]} 52. Kc5 {[%clk 0:21:32]} Ra4
{[%clk 1:25:56]} 53. Rf3 {[%clk 0:21:58]} h5 {[%clk 1:23:53]} 54. Kd5
{[%clk 0:22:20]} Rg4 {[%clk 1:24:21]} 55. Kc5 {[%clk 0:10:22]} Rg3
{[%clk 1:24:23]} 56. Rf1 {[%clk 0:09:37]} Rd3 {[%clk 1:24:51]} 57. Kc4
{[%clk 0:09:53]} Rd8 {[%clk 1:24:01]} 58. Kc3 {[%clk 0:07:08]} h3
{[%clk 1:21:30]} 59. Rf3 {[%clk 0:06:16]} h4 {[%clk 1:20:53]} 60. Rxh3
{[%clk 0:05:23]} Rh8 {[%clk 1:20:15]} 61. Rh1 {[%clk 0:02:03]} Kxf5
{[%clk 1:20:21]} 62. Kd3 {[%clk 0:01:09]} h3 {[%clk 1:20:30]} 63. Ke3
{[%clk 0:01:01]} Kg4 {[%clk 1:20:59]} 64. Kf2 {[%clk 0:00:53]} Rf8+
{[%clk 1:20:24]} 65. Ke2 {[%clk 0:01:16]} Ra8 {[%clk 1:19:27]} 66. Rg1+
{[%clk 0:00:58]} Kf4 {[%clk 1:19:38]} 67. Rf1+ {[%clk 0:01:03]} Ke4
{[%clk 1:19:53]} 68. Rb1 {[%clk 0:00:51]} Ra2+ {[%clk 1:19:44]} 69. Kf1
{[%clk 0:01:19]} h2 {[%clk 1:20:13]} 70. Rb4+ {[%clk 0:01:49]} Kf3
{[%clk 1:20:41]} 71. Rb3+ {[%clk 0:02:05]} 1/2-1/2

[Event "Sarkany-Aranytiz GM"]
[Site "Budapest"]
[Date "2015.08.19"]
[Round "5.1"]
[White "Balog, Imre"]
[Black "Kovacs, Gabor"]
[Result "1-0"]
[BlackElo "2489"]
[WhiteElo "2537"]
[LiveChessVersion "1.4.6"]

1. c4 {[%clk 1:29:02]} e6 {[%clk 1:28:36]} 2. g3 {[%clk 1:28:33]} d5
{[%clk 1:28:46]} 3. Bg2 {[%clk 1:28:56]} Nf6 {[%clk 1:29:12]} 4. Nf3
{[%clk 1:29:03]} Be7 {[%clk 1:29:39]} 5. b3 O-O {[%clk 1:29:53]} 6. Bb2
{[%clk 1:28:48]} b6 {[%clk 1:30:15]} 7. cxd5 {[%clk 1:28:31]} Nxd5
{[%clk 1:30:37]} 8. O-O {[%clk 1:28:30]} Bb7 {[%clk 1:31:03]} 9. d4
{[%clk 1:28:32]} Nd7 {[%clk 1:31:00]} 10. a3 {[%clk 1:26:24]} N5f6
{[%clk 1:28:13]} 11. b4 {[%clk 1:24:09]} c5 {[%clk 1:28:20]} 12. b5
{[%clk 1:23:20]} a6 {[%clk 1:28:28]} 13. Nc3 {[%clk 1:22:04]} Ne4
{[%clk 1:16:21]} 14. a4 {[%clk 1:18:56]} Nxc3 {[%clk 1:08:46]} 15. Bxc3
{[%clk 1:19:07]} Bf6 {[%clk 1:09:09]} 16. Rc1 {[%clk 1:19:21]} Be4
{[%clk 0:49:55]} 17. Qd2 {[%clk 1:10:05]} cxd4 {[%clk 0:29:33]} 18. Bxd4
{[%clk 1:09:06]} axb5 {[%clk 0:19:02]} 19. axb5 {[%clk 1:09:20]} Bxd4
{[%clk 0:16:58]} 20. Qxd4 {[%clk 1:09:06]} Nc5 {[%clk 0:17:25]} 21. Qe3
{[%clk 1:09:34]} Ra5 {[%clk 0:11:31]} 22. Nd4 {[%clk 1:05:18]} Qa8
{[%clk 0:11:11]} 23. f3 {[%clk 1:02:13]} Bd5 {[%clk 0:10:48]} 24. Rfd1
{[%clk 1:02:41]} h6 {[%clk 0:09:43]} 25. Qe5 {[%clk 1:01:06]} Ra2
{[%clk 0:03:04]} 26. Bf1 {[%clk 1:01:03]} Qa3 {[%clk 0:02:28]} 27. Nf5
{[%clk 0:55:21]} exf5 {[%clk 0:02:52]} 28. Qxd5 {[%clk 0:55:46]} f4
{[%clk 0:03:02]} 29. gxf4 {[%clk 0:55:52]} Qe3+ {[%clk 0:03:22]} 30. Kh1
{[%clk 0:56:17]} Ra4 {[%clk 0:03:05]} 31. Rc4 {[%clk 0:55:53]} Rxc4
{[%clk 0:02:17]} 32. Qxc4 {[%clk 0:56:20]} Re8 {[%clk 0:02:01]} 33. f5
{[%clk 0:54:38]} Qe5 {[%clk 0:01:14]} 34. e4 {[%clk 0:53:25]} Qb2
{[%clk 0:01:22]} 35. Qd4 {[%clk 0:53:28]} Qa3 {[%clk 0:01:16]} 36. Be2
{[%clk 0:53:41]} f6 {[%clk 0:01:02]} 37. Ra1 {[%clk 0:54:00]} 1-0